| 000 | 00000nam 2200000zi 4500 |
| 001 | 9.886473 |
| 003 | CaOODSP |
| 005 | 20240215133827 |
| 006 | m o d f |
| 007 | cr mn||||||||| |
| 008 | 200428e202003 onca ob f000 0 eng d |
| 040 | |aCaOODSP|beng|erda|cCaOODSP |
| 043 | |an-cn--- |
| 086 | 1 |aD97-1/00-266-2020E-PDF |
| 245 | 00|aInstant messaging. |
| 264 | 1|a[Ottawa] : |bCommunications Security Establishment = Centre de la sécurité des telecommunications, |cMarch 2020. |
| 300 | |a1 online resource (2 unnumbered pages) : |billustrations. |
| 336 | |atext|btxt|2rdacontent |
| 337 | |acomputer|bc|2rdamedia |
| 338 | |aonline resource|bcr|2rdacarrier |
| 490 | 1 |aAwareness series ; |vITSAP.00.266 |
| 500 | |aIssued also in French under title: Messagerie instantanée. |
| 500 | |a"Canadian Centre for Cyber Security." |
| 500 | |a"Unclassified." |
| 504 | |aIncludes bibliographical references. |
| 650 | 0|aInstant messaging|xSecurity measures|zCanada. |
| 650 | 0|aComputer crimes|zCanada|xPrevention. |
| 710 | 2 |aCommunications Security Establishment (Canada), |eissuing body. |
| 710 | 2 |aCanadian Centre for Cyber Security, |eissuing body. |
| 775 | 08|tMessagerie instantanée.|w(CaOODSP)9.886474 |
| 794 | |tInstant messaging.|b(February 2024)|w(CaOODSP)9.928849 |
| 830 | #0|aAwareness series (Communications Security Establishment (Canada))|vITSAP.00.266.|w(CaOODSP)9.842810 |
| 856 | 40|qPDF|s781 KB|uhttps://publications.gc.ca/collections/collection_2020/cstc-csec/D97-1-00-266-2020-eng.pdf |
| 856 | 4 |qHTML|sN/A|uhttps://cyber.gc.ca/en/guidance/instant-messaging-itsap00266 |